[Event "GER-chT U20"]
[Site "Kiel"]
[Date "2022.07.23"]
[Round "2.2"]
[White "Dornieden, Jonas"]
[Black "Gallasch, Jonas"]
[Result "0-1"]
[WhiteElo "2044"]
[BlackElo "2108"]
[PlyCount "60"]
[EventDate "2022.07.22"]
[EventType "team-swiss"]
[EventRounds "7"]
[EventCountry "GER"]
[SourceTitle "CBM 209 Extra"]
[Source "ChessBase"]
[SourceDate "2022.09.30"]
[SourceVersion "1"]
[SourceVersionDate "2022.09.30"]
[SourceQuality "1"]
[WhiteTeam "Lehrte"]
[BlackTeam "Porz SG"]
[WhiteTeamCountry "GER"]
[BlackTeamCountry "GER"]

1. e4 c6 2. Nf3 d5 3. d3 Bg4 4. h3 Bh5 5. g4 Bg6 6. h4 dxe4 7. h5 exf3 8. hxg6 fxg6 9. g5 e6 10. Qxf3 Ne7 11. Nc3 Nf5 12. Qe4 Be7 13. Qg4 Nd7 14. Bf4 e5 15. Bd2 Qb6 16. Rh2 Qxb2 17. Rb1 Qa3 18. Rb3 Qc5 19. Rxb7 Rb8 20. Rxb8+ Nxb8 21. Bg2 Qd6 22. Be4 Qe6 23. Qd1 Nd4 24. Qb1 0-0 25. Be3 Na6 26. Ne2 Rb8 27. Qd1 Qxa2 28. Nc3 Bb4 29. Bd2 Bxc3 30. Bxc3 Rb1 0-1

[Event "Oberliga Nord W 2122"]
[Site "Germany"]
[Date "2022.05.01"]
[Round "9.8"]
[White "Koschetzki, Christian"]
[Black "Dornieden, Jonas"]
[Result "1/2-1/2"]
[WhiteElo "1953"]
[BlackElo "2072"]
[PlyCount "57"]
[EventDate "2021.10.10"]
[EventType "team-tourn"]
[EventRounds "9"]
[EventCountry "GER"]
[SourceTitle "EXT 2023"]
[Source "ChessBase"]
[SourceDate "2022.10.05"]
[SourceVersion "1"]
[SourceVersionDate "2022.10.05"]
[SourceQuality "1"]
[WhiteTeam "Salzgitter"]
[BlackTeam "Lehrte"]
[WhiteTeamCountry "GER"]
[BlackTeamCountry "GER"]

1. c4 c6 2. d4 d5 3. e3 Nf6 4. Nf3 Bf5 5. Nc3 e6 6. Bd3 Bxd3 7. Qxd3 Nbd7 8. 0-0 Be7 9. e4 dxe4 10. Nxe4 Nxe4 11. Qxe4 Nf6 12. Qe2 0-0 13. Bf4 Qa5 14. Rfd1 Qf5 15. Be3 Rfd8 16. h3 h6 17. Qd3 Ne4 18. Nd2 Nd6 19. Qxf5 Nxf5 20. Nf3 Bf6 21. Kf1 Rd7 22. Rd2 Rad8 23. Rad1 Kf8 24. b3 Ke7 25. Ke2 Nh4 26. Nxh4 Bxh4 27. Rd3 a6 28. Bf4 Bf6 29. Be5 1/2-1/2

[Event "Biel HTO 54th"]
[Site "Biel"]
[Date "2021.08.04"]
[Round "9"]
[White "Gueci, Tea"]
[Black "Dornieden, Jonas"]
[Result "1-0"]
[WhiteElo "2179"]
[BlackElo "2001"]
[PlyCount "55"]
[EventDate "2021.07.26"]
[EventType "swiss"]
[EventRounds "9"]
[EventCountry "SUI"]
[SourceTitle "CBM 203 Extra"]
[Source "ChessBase"]
[SourceDate "2021.09.30"]
[SourceVersion "1"]
[SourceVersionDate "2021.09.30"]
[SourceQuality "1"]

1. e4 c5 2. Nf3 Nc6 3. Bb5 g6 4. c3 Bg7 5. d4 d5 6. dxc5 dxe4 7. Qxd8+ Kxd8 8. Ng5 Ne5 9. Bf4 Nh6 10. Nxe4 a6 11. Be2 f5 12. Ng5 Nef7 13. Bc4 Nxg5 14. Bxg5 Ke8 15. Na3 e6 16. Rd1 Nf7 17. Be3 Bd7 18. 0-0 Rd8 19. Rd2 Ke7 20. Re1 Rhe8 21. Bd4 e5 22. f4 Bh6 23. Bxe5 Kf8 24. Bxf7 Rxe5 25. Rxe5 Bxf4 26. Re8+ Bxe8 27. Rxd8 Kxf7 28. Nc4 1-0

[Event "Biel HTO 54th"]
[Site "Biel"]
[Date "2021.08.02"]
[Round "7"]
[White "Paladini, Jean Michel"]
[Black "Dornieden, Jonas"]
[Result "1/2-1/2"]
[WhiteElo "2084"]
[BlackElo "2001"]
[PlyCount "79"]
[EventDate "2021.07.26"]
[EventType "swiss"]
[EventRounds "9"]
[EventCountry "SUI"]
[SourceTitle "CBM 203 Extra"]
[Source "ChessBase"]
[SourceDate "2021.09.30"]
[SourceVersion "1"]
[SourceVersionDate "2021.09.30"]
[SourceQuality "1"]

1. c4 c5 2. g3 Nc6 3. Bg2 e6 4. Nc3 Nf6 5. Nf3 d5 6. cxd5 exd5 7. d4 c4 8. 0-0 Be7 9. Bf4 0-0 10. Ne5 Be6 11. e3 Qa5 12. h3 Rfd8 13. g4 Nxe5 14. Bxe5 Nd7 15. Bg3 Bb4 16. Qc2 g6 17. Ne2 Nf6 18. Bh4 Be7 19. Nf4 Kg7 20. Nxe6+ fxe6 21. g5 Ne8 22. e4 Nd6 23. Bg3 dxe4 24. Be5+ Kg8 25. Bxe4 Nxe4 26. Qxe4 Qd5 27. Qg4 Rf8 28. Rae1 Rf5 29. f4 Rd8 30. h4 b5 31. h5 gxh5 32. Qxh5 Bd6 33. Rd1 b4 34. Qh6 Bf8 35. Qh3 Rd7 36. Rd2 Bg7 37. Rg2 Bxe5 38. dxe5 Rg7 39. Qe3 Qd3 40. Qxd3 1/2-1/2

[Event "Hannover Bezirks-ch U16/18"]
[Site "Lehrte"]
[Date "2020.10.24"]
[Round "1.1"]
[White "Braun, Hannes"]
[Black "Dornieden, Jonas"]
[Result "0-1"]
[WhiteElo "1378"]
[BlackElo "1974"]
[PlyCount "64"]
[EventDate "2020.10.24"]
[EventType "swiss"]
[EventRounds "5"]
[EventCountry "GER"]
[SourceTitle "EXT 2023"]
[Source "ChessBase"]
[SourceDate "2022.10.05"]
[SourceVersion "1"]
[SourceVersionDate "2022.10.05"]
[SourceQuality "1"]

1. b4 e5 2. Bb2 Bxb4 3. Bxe5 Nf6 4. Nf3 Nc6 5. Bb2 0-0 6. c4 d5 7. e3 Bf5 8. cxd5 Nxd5 9. Bc4 Nb6 10. Be2 Bd3 11. 0-0 Nc4 12. Bc3 Qd6 13. Bxd3 Qxd3 14. Ne1 Qd5 15. Nf3 Rfd8 16. d4 Qa5 17. Qd3 Nd6 18. d5 Bxc3 19. Qxc3 Qxd5 20. Qd2 Ne4 21. Qxd5 Rxd5 22. Na3 Rd3 23. Nb5 a6 24. Nbd4 Nxd4 25. Nxd4 c5 26. Nf3 f6 27. Rfc1 b5 28. Ne1 Ra3 29. f3 Nc3 30. Rc2 Rd8 31. Kf2 Nd1+ 32. Kg3 Rxe3 0-1

[Event "DSOL 02 Liga Gr-D 1st"]
[Site "Playchess.com INT"]
[Date "2020.08.05"]
[Round "7.3"]
[White "Dornieden, Jonas"]
[Black "Kramer, Melik Kurt"]
[Result "0-1"]
[WhiteElo "1966"]
[BlackElo "2065"]
[PlyCount "68"]
[EventDate "2020.06.22"]
[EventType "team-tourn (rapid)"]
[EventCountry "GER"]
[SourceTitle "EXT 2021"]
[Source "ChessBase"]
[SourceDate "2020.10.23"]
[SourceVersion "1"]
[SourceVersionDate "2020.10.23"]
[SourceQuality "1"]
[WhiteTeam "Lehrte"]
[BlackTeam "Ebersberg Grafing"]
[WhiteTeamCountry "GER"]
[BlackTeamCountry "GER"]

1. d4 d5 2. c4 e6 3. Nc3 Nf6 4. cxd5 exd5 5. Bg5 Be7 6. e3 c6 7. Bd3 Nbd7 8. Nf3 0-0 9. 0-0 Re8 10. Rb1 a5 11. a3 h6 12. Bh4 Ne4 13. Bxe7 Qxe7 14. Qc2 Ndf6 15. Ne5 Nxc3 16. bxc3 Qxa3 17. c4 dxc4 18. Bxc4 Re7 19. Rfc1 Nd5 20. Bb3 Qd6 21. Nc4 Qd8 22. Ra1 Nb4 23. Qc3 Nd5 24. Qe1 Nb4 25. Qd2 b6 26. Bd1 Ba6 27. Na3 Rc8 28. Bg4 Rb8 29. Nc2 Nxc2 30. Qxc2 Rc7 31. h3 c5 32. dxc5 Rxc5 33. Qa2 Qg5 34. Rc3 Rxc3 0-1

[Event "GER-ch U25-A"]
[Site "Willingen"]
[Date "2019.06.13"]
[Round "7"]
[White "Helmer, Jan"]
[Black "Dornieden, Jonas"]
[Result "1/2-1/2"]
[WhiteElo "1900"]
[BlackElo "1864"]
[PlyCount "59"]
[EventDate "2019.06.08"]
[EventType "swiss"]
[EventRounds "9"]
[EventCountry "GER"]
[SourceTitle "CBM 191 Extra"]
[Source "ChessBase"]
[SourceDate "2019.09.30"]
[SourceVersion "1"]
[SourceVersionDate "2019.09.30"]
[SourceQuality "1"]

1. Nf3 d5 2. d4 Nf6 3. c4 c6 4. Nc3 dxc4 5. a4 Bf5 6. e3 e6 7. Bxc4 Bb4 8. 0-0 0-0 9. Qe2 Nbd7 10. e4 Bg6 11. Bd3 Bh5 12. Bf4 Re8 13. Bc4 e5 14. dxe5 Bxc3 15. bxc3 Bxf3 16. Qxf3 Nxe5 17. Bxe5 Rxe5 18. Rfe1 Qe7 19. Bd3 Re8 20. Rad1 h6 21. h3 Kf8 22. Re3 Nxe4 23. Bxe4 Rxe4 24. Rxe4 Qxe4 25. Qxe4 Rxe4 26. Rd7 Rxa4 27. Rxb7 a5 28. Ra7 Ra1+ 29. Kh2 Rc1 30. Rxa5 1/2-1/2

[Event "GER-chT U16"]
[Site "Aurich"]
[Date "2018.12.29"]
[Round "6.4"]
[White "Gluma, Christian"]
[Black "Dornieden, Jonas"]
[Result "0-1"]
[WhiteElo "1711"]
[BlackElo "1729"]
[PlyCount "98"]
[EventDate "2018.12.27"]
[EventType "team-swiss"]
[EventRounds "7"]
[EventCountry "GER"]
[SourceTitle "CBM 188 Extra"]
[Source "ChessBase"]
[SourceDate "2019.02.26"]
[SourceVersion "1"]
[SourceVersionDate "2019.02.26"]
[SourceQuality "1"]
[WhiteTeam "Bochum SG"]
[BlackTeam "Lehrte"]
[WhiteTeamCountry "GER"]
[BlackTeamCountry "GER"]

1. e4 c6 2. Nf3 d5 3. exd5 cxd5 4. Ne5 Nf6 5. d4 g6 6. Bb5+ Bd7 7. Nxd7 Nbxd7 8. c3 Bg7 9. 0-0 0-0 10. Nd2 e6 11. f4 a6 12. Bd3 Qc7 13. Nf3 Ne8 14. Qe1 Nd6 15. Qh4 Nf5 16. Qh3 Rfe8 17. g4 Nd6 18. f5 exf5 19. gxf5 Ne4 20. Ng5 Ndf6 21. Bxe4 dxe4 22. Bf4 Qb6 23. fxg6 fxg6 24. Qg2 h6 25. Nh3 g5 26. Be3 Re7 27. Rae1 Rae8 28. Re2 Nd5 29. Rfe1 Qe6 30. a3 Rf8 31. Nf2 Rfe8 32. Qg3 Qf5 33. Qg4 Qxg4+ 34. Nxg4 Nf4 35. Rd2 Nd3 36. Rf1 Re6 37. Nf2 Nxf2 38. Rdxf2 Rf8 39. d5 Rxf2 40. Rxf2 Rd6 41. c4 Be5 42. b3 Kg7 43. h3 Rd7 44. Bb6 Kg6 45. a4 Bf4 46. Re2 Kf5 47. Kg2 h5 48. Bf2 g4 49. h4 b5 0-1